LEADER 00560nam2 2200193 450 001 000034562 005 20220601135939.0 100 $a20220601d2021----km-y0itay50------ba 101 0 $aita 102 $aIT 105 $ay-------001yy 200 1 $aRischio contrattuale$fU. A. Salanitro 311 $ap. 1050-1076 463 0$1001000034464$12001$aContratto$fdiretto da Giovanni D'Amico 700 1$aSalanitro,$bUgo$0791835 801 0$aIT$bUNIPARTHENOPE$c20220601$gREICAT$2UNIMARC 912 $a000034562 996 $aRischio contrattuale$92860086 997 $aUNIPARTHENOPE